=LDR 00000nam 2200000 4500 =001 INLIS000000000052440 =005 20200720015446 =035 ##$$a 0010-0218000136 =007 ta =008 200720################g##########0#ind## =020 ##$$a 978 - 979 - 433 - 973 - 2 =082 ##$$a 128 =084 ##$$a 128 EMH s =100 #$$a Emha Ainun Nadjib =245 1#$$a Secangkir kopi : $b Jon pakir /$c Emha Ainun Nadjib =250 ##$$a cet.2 =260 ##$$a Bandung :$b Mizan pustaka,$c 2016 =300 ##$$a 346 hlm. ; $c 21 x 14 cm. =650 #4$$a Filsafat Manusia =990 ##$$a 21708653 =990 ##$$a 21708652 =990 ##$$a 21708651